Statistics for Countries Closest to United Kingdom by first two letters

Click here to take the quiz!

General Stats

  • This quiz has been taken 182 times
  • The average score is 16 of 20

Answer Stats

kmcountrymiles% Correct
0Ireland0
97%
33France21
96%
295Germany183
96%
702Spain436
94%
685Sweden426
94%
574Switzerland357
94%
833Poland518
93%
872Portugal542
93%
80Belgium50
92%
133Netherlands82
92%
293Norway182
92%
337Luxembourg210
87%
516Denmark321
84%
783Iceland487
72%
732Liechtenstein455
66%
715Italy444
63%
718Austria446
59%
905Andorra562
58%
758Czechia471
43%
284Faroe Islands177
15%

Score Distribution

Percentile by Number Answered

Percent of People with Each Score

Your Score History

You have not taken this quiz